000 00355nam a2200133Ia 4500
008 220216s9999 xx 000 0 und d
100 _aHegden M.L.R.
245 0 _aWind damage in rubber plantations: Preventive methods
260 _bRubber Board Bulletin
_c1998
300 _a35-36
650 _aRubber plantation
650 _aWind damage
942 _cBS
999 _c51178
_d51178